[Event "40th Nezhmetdinov Memorial 2018"]
[Site "Kazan"]
[Date "2018.09.18"]
[Round "6"]
[White "Mokshanov, Alexey"]
[Black "Chigaev, Maksim"]
[Result "1/2-1/2"]
[WhiteElo "2439"]
[BlackElo "2593"]
[Annotator "TA"]
[PlyCount "176"]
[EventDate "2018.09.11"]
[EventType "swiss"]
[EventCountry "RUS"]
[SourceTitle "playchess.com"]
[Source "ChessBase"]
[SourceQuality "1"]

{[%evp 13,176,-16,0,0,30,24,27,21,22,14,15,4,11,1,1,1,1,2,22,18,16,0,0,-4,-4,-6,-4,-4,-4,-10,-12,-7,-4,-4,-4,-6,0,0,0,0,0,-10,-8,-19,-16,-37,-8,-7,-5,-35,0,0,0,0,0,0,0,0,0,-4,-4,-6,-4,-15,-15,-14,-10,-18,-5,-8,-10,-11,-11,-18,-10,-11,-8,-8,-8,-8,-13,-71,-71,-71,-71,-71,-71,-71,-71,-71,-71,-71,-71,-71,-71,-71,-8,-80,-71,-80,-80,-80,-80,-80,-80,-80,-71,-71,-71,-71,-71,-71,-71,-71,-71,-71,-71,-71,-71,-71,-71,-71,-71,-71,-71,-71,-71,-71,0,-71,-71,-71,-71,-71,-8,-8,-8,-12,-25,-51,-51,-51,0,0,0,-65,0,0,0,0,0,-8,0,0,0,0,0,0,0,0,0,0,0,0,0]} 1. e4 e5 2. Nf3 Nc6 3. d4 exd4 4. Nxd4 Nf6 5. Nc3 Bc5 6. Be3 Bb6 7. Be2 O-O {LiveBook: 8 Games. C47: Scotch Four Knights and Four Knights with 4 g3} 8. Nxc6 (8. O-O Re8 9. Nxc6 bxc6 10. Bg5 h6 11. Bh4 d6 12. Bd3 Bd4 13. Re1 Rb8 14. Rb1 Rxb2 15. Rxb2 Bxc3 {0-1 (26) Pichugin,A (2230)-Lysyj,I (2618) Cheliabinsk 2017}) 8... dxc6 9. Qxd8 Rxd8 {White has an edge.} 10. Bxb6 $146 ({Predecessor:} 10. Bg5 Rd4 11. Bxf6 gxf6 12. Rd1 Be6 13. Rxd4 {½-½ (13) Krug,S (2115)-Muenster,E (2065) Germany 1996}) 10... axb6 11. O-O Re8 12. Rad1 Kf8 13. Bd3 b5 14. a3 $1 Nd7 15. f4 Nc5 16. h3 Be6 17. Rfe1 f6 18. e5 Nxd3 19. cxd3 fxe5 20. Rxe5 Bb3 21. Rd2 Rxe5 22. fxe5 $11 {[%mdl 4096] Endgame KRB-KRN} Ke7 23. Kf2 Ke6 24. d4 Bc4 25. Ke3 b6 26. Ne4 h6 27. Rf2 Rd8 28. Rd2 Rf8 29. Ng3 g6 30. h4 Rf7 31. Rd1 c5 32. dxc5 bxc5 33. Ne4 Kxe5 34. Nxc5 Re7 35. Rd2 c6 36. Ne4 Bd5 37. Nc3 Kd6+ 38. Kd3 Bc4+ 39. Kc2+ Kc7 40. Rf2 Be6 41. Rf6 Bf5+ 42. Kd2 Rd7+ 43. Kc1 Rd4 44. h5 Rg4 45. hxg6 Bxg6 46. Ne2 Rxg2 47. Nf4 (47. Nd4 $11 {keeps the balance.}) 47... Rc2+ $17 48. Kd1 Be4 49. Re6 {[#]} Rc4 $1 {...Bf5 is the strong threat.} 50. Rxh6 Bf3+ 51. Ne2 Bxe2+ $1 52. Kxe2 {KR-KR} Rc2+ 53. Kd3 Rxb2 54. Kc3 Rg2 (54... Re2 $17 {White should prevent ...Re4.} 55. a4 bxa4) 55. Kb3 (55. Rh4 $11 {remains equal.}) 55... Kb6 56. Rh8 Rg3+ 57. Kb2 Re3 58. Rh5 Re2+ 59. Kb3 c5 {[#] Strongly threatening ...c4+.} 60. Rh6+ Ka5 61. Rh8 Re3+ (61... c4+ $2 62. Kc3 $17) 62. Kb2 Re6 63. Kc3 Kb6 64. Rc8 Re3+ 65. Kb2 Re5 66. Kc3 Kb7 67. Rh8 Re3+ 68. Kb2 Kc6 69. Rb8 Rh3 70. Ka2 Re3 71. Kb2 Rg3 72. Ka2 Rf3 73. Kb2 c4 (73... Re3 $17 74. Rh8 Kd5) 74. Rc8+ $11 Kd5 {White must now prevent ...Rb3+.} 75. Rd8+ Kc5 {Hoping for ...Rb3+.} 76. Rc8+ Kd4 77. Rd8+ Ke4 ({Black should play} 77... Ke5 $1 $15 78. Rb8 Rb3+ 79. Kc2 Kd6) 78. Re8+ $1 Kd4 ({Better is} 78... Kd3 $11 79. Rd8+ Ke2) 79. Rd8+ $15 Ke4 ({Black should try} 79... Ke5 $1 $15 80. Rb8 Rb3+ 81. Kc2 Kd5) 80. Re8+ $1 $11 {The position is equal.} Kd3 81. Rd8+ Ke2 {Threatens to win with ...Rb3+.} 82. Rd5 Rd3 83. Rh5 Rf3 84. Kc2 Ke3 85. Rxb5 Kd4 86. Rh5 Rf2+ 87. Kc1 c3 88. Rh8 Ke5 {Precision: White = 72%, Black = 63%.} 1/2-1/2

[Event "40th Nezhmetdinov Memorial 2018"]
[Site "Kazan"]
[Date "2018.09.18"]
[Round "6"]
[White "Yankelevich, Lev"]
[Black "Bocharov, Ivan"]
[Result "1/2-1/2"]
[WhiteElo "2431"]
[BlackElo "2565"]
[Annotator "TA"]
[PlyCount "103"]
[EventDate "2018.09.11"]
[EventType "swiss"]
[EventCountry "RUS"]
[SourceTitle "playchess.com"]
[Source "ChessBase"]
[SourceQuality "1"]

{[%evp 30,102,31,18,27,21,26,33,27,0,4,4,17,24,47,40,144,145,156,144,527,256,251,247,234,235,291,197,197,197,197,197,197,197,210,79,79,79,79,57,195,191,186,75,75,75,75,75,75,75,73,73,73,68,67,55,66,0,0,0,0,0,0,0,0,0,0,0,0,0,0,0,0,0,0]} 1. d4 d5 2. c4 c6 3. Nf3 Nf6 4. Nc3 dxc4 5. a4 Bf5 6. Ne5 Nbd7 7. Nxc4 Qc7 8. g3 e5 9. dxe5 Nxe5 10. Bf4 Nfd7 11. Bg2 g5 {D17: Slav Defence: 5 a4 Bf5: Lines with 6 Nh4 and 6 Ne5} 12. Ne3 gxf4 13. Nxf5 O-O-O 14. Qc2 Nc5 15. O-O fxg3 16. hxg3 {LiveBook: 109 Games} a5 17. Rfd1 h5 18. e3 Kb8 19. Rd4 {[#]} Ne6 $146 20. Rxd8+ Qxd8 21. Rd1 $36 {[%mdl 2048] White is more active.} Qf6 22. f4 Ng4 {[#]} (22... Nc4 $1 $14) 23. Bxc6 $1 $16 {[%mdl 512]} Nxf4 {[#]} (23... bxc6 24. Ne4) 24. Be4 $1 ({But not} 24. gxf4 $6 bxc6 25. Nd5 Qg6 $14) 24... Bc5 $2 {[%mdl 8192]} (24... Nh3+ $16 25. Kg2 Nhf2) 25. gxf4 (25. Rd7 $142 Nxe3 26. Nxe3 Bxe3+ 27. Kh2) 25... Nxe3 $18 26. Nxe3 Bxe3+ 27. Kh1 Re8 28. Qh2 Bxf4 29. Qf2 {Black must now prevent Nb5.} Be5 30. Qxf6 Bxf6 31. Bd5 Re3 32. Rf1 (32. Nb5 $18) 32... Bxc3 $16 33. bxc3 Rxc3 34. Rxf7 {[%mdl 4096] Endgame KRB-KR} Ra3 {[#]} (34... Rc5 $14 35. Rxb7+ Kc8) 35. Rf4 $1 $18 ({Resist} 35. Rxb7+ $6 Kc8 $16) 35... Ka7 36. Bf7 (36. Kg2 $18 {is more deadly.}) 36... b5 $16 37. axb5 {aiming for Rf6.} Kb6 38. Be8 a4 39. Kg2 Re3 40. Bc6 a3 41. Ra4 Rb3 42. Kf2 {Hoping for Ke2.} h4 43. Rxh4 ({White should play} 43. Kg2 $14) 43... Rxb5 $11 {The position is equal.} 44. Bxb5 Kxb5 $14 {KR-KP} 45. Rh8 Kc4 46. Ke2 a2 47. Ra8 Kb3 48. Kd2 Kb2 49. Rb8+ Ka1 50. Rc8 Kb2 51. Rb8+ Ka1 52. Kc1 $2 {[%mdl 8192] Precision: White = 56%, Black = 46%.} (52. Rh8 Kb2 53. Rb8+) 1/2-1/2

[Event "40th Nezhmetdinov Memorial 2018"]
[Site "Kazan"]
[Date "2018.09.18"]
[Round "6"]
[White "Markelova, Lubov"]
[Black "Volkov, Sergey"]
[Result "0-1"]
[WhiteElo "2169"]
[BlackElo "2547"]
[Annotator "TA"]
[PlyCount "72"]
[EventDate "2018.09.11"]
[EventType "swiss"]
[EventCountry "RUS"]
[SourceTitle "playchess.com"]
[Source "ChessBase"]
[SourceQuality "1"]

{[%evp 21,72,-18,-34,-29,-15,-20,-24,-36,-15,-16,-19,-27,-20,-32,-21,-69,-35,-58,-65,-66,-61,-64,-59,-56,-52,-93,-117,-111,-104,-228,-136,-255,-256,-250,-241,-292,-287,-443,-420,-501,-501,-501,-473,-574,-618,-657,-752,-713,-670,-620,-577,-1210,-1520]} 1. Nf3 d5 2. d4 c5 3. c4 dxc4 4. d5 e6 5. e4 exd5 6. exd5 Nf6 7. Nc3 a6 8. a4 Bd6 9. Bxc4 O-O 10. O-O Bg4 11. Bg5 Re8 {LiveBook: 6 Games. D24: Queen's Gambit Accepted: 3 Nf3 Nf6 4 Nc3} 12. Qd3 Bxf3 $146 ({Predecessor:} 12... Nbd7 13. Nd2 h6 14. Bh4 Qc7 15. Bg3 Bxg3 16. Qxg3 Qxg3 17. hxg3 Rad8 18. a5 b5 19. axb6 Nxb6 20. Rxa6 Nxc4 21. Nxc4 Nxd5 22. Nxd5 Be2 23. Nf6+ gxf6 24. Rc1 Re6 25. Ra5 Bxc4 26. Rxc4 {½-½ (26) Rocha,W (2420)-Matsuura,E (2452) Sao Paulo 2003}) 13. Qxf3 Nbd7 {The position is equal.} 14. Bxf6 Qxf6 15. Qxf6 Nxf6 16. Rfe1 Be5 17. Rab1 Kf8 18. h3 Rad8 (18... Bxc3 $5 19. bxc3 Rxe1+ 20. Rxe1 Re8 $11) 19. Re3 Bxc3 20. Rxe8+ Nxe8 21. bxc3 $15 {[%mdl 4096] Endgame KRB-KRN} Nd6 22. Be2 c4 23. a5 Rc8 24. Rb4 Rc5 25. g3 (25. Ra4 $17) 25... Ke7 ({Don't do} 25... Rxd5 26. Ra4 $17) (25... Rxa5 $19 {Threatens to win with ...Ra3.} 26. Bxc4 Rc5) 26. Kg2 (26. Ra4 $17) 26... Rxa5 $19 ({Less strong is} 26... Rxd5 27. Ra4 $17) 27. Bxc4 Rc5 28. Bd3 Rxc3 ({Don't take} 28... Rxd5 29. Be4 $17) 29. Bxh7 (29. Be2 {was worth a try.}) 29... g6 30. h4 b5 {Black is clearly winning.} 31. h5 gxh5 32. Rh4 a5 {[%cal Ba6a5,Ba5a4][%mdl 32]} 33. Rxh5 a4 34. Re5+ Kd7 35. Bf5+ Kd8 36. Bg4 b4 {Precision: White = 14%, Black = 74%.} 0-1

[Event "40th Nezhmetdinov Memorial 2018"]
[Site "Kazan"]
[Date "2018.09.19"]
[Round "7"]
[White "Artemiev, Vladislav"]
[Black "Harutyunian, Tigran K"]
[Result "1-0"]
[WhiteElo "2703"]
[BlackElo "2504"]
[Annotator "TA"]
[PlyCount "85"]
[EventDate "2018.09.11"]
[EventType "swiss"]
[EventCountry "RUS"]
[SourceTitle "playchess.com"]
[Source "ChessBase"]
[SourceQuality "1"]

{[%evp 19,85,3,8,0,15,3,7,0,1,0,5,0,10,1,11,0,0,0,0,0,93,80,110,108,98,121,206,204,223,208,212,180,304,296,350,323,538,367,338,335,328,197,462,428,445,438,463,446,462,454,760,687,970,953,1041,1041,906,835,814,793,2482,785,29989,29990,29990,29991,29991,29992]} 1. c4 e6 2. Nf3 d5 3. e3 Nf6 4. b3 b6 5. Bb2 Bb7 6. Nc3 {A13: English Opening: 1...e6} a6 (6... Nbd7 7. d4 Bd6 8. Bd3 O-O 9. O-O a6 10. Rc1 Qe7 11. cxd5 exd5 12. Ne2 Ne4 13. Qc2 Rac8 14. Ng3 g6 15. Qe2 h5 16. Ne5 Nxe5 17. dxe5 Bxe5 18. Bxe5 Qxe5 19. Nxe4 dxe4 20. Bxa6 Bxa6 21. Qxa6 {½-½ (57) Harikrishna,P (2732)-Navara,D (2727) Prague 2018}) 7. cxd5 exd5 8. d4 Bd6 9. g3 O-O 10. Bg2 Nbd7 {LiveBook: 4 Games} 11. O-O Re8 12. Rc1 Qe7 $146 ({Predecessor:} 12... Ne4) 13. Ne2 Rac8 14. Nf4 Ne4 15. Re1 {[%cal Bf1e1,Be1e2,Be2c2][%mdl 32]} a5 16. Re2 Ra8 17. a4 Rac8 18. Rec2 Nb8 19. Bf1 g5 (19... c6 $11 {keeps the balance.}) 20. Nd3 $16 {[%cal Bf4d3,Bd3f2,Bf2g4,Bg4h6,Bh6f5][%mdl 32]} f6 21. Bh3 Rcd8 {[#]} 22. Nfe1 $1 c5 (22... Na6 $16 {was worth a try.}) 23. f3 $18 Nxg3 24. hxg3 Qxe3+ 25. Nf2 Bxg3 {[#]} (25... Nc6 $142 26. dxc5 Bxc5) 26. Ng2 $1 {[%cal Rg2e3]} (26. dxc5 d4 $16) 26... Qxb3 27. Ng4 Kf7 $2 (27... Rf8 28. Qe2 (28. dxc5 d4 $16) 28... Bc8 29. dxc5 Bxg4 30. Bxg4 Rde8 31. Be6+ Kh8) 28. Nh6+ Kg6 29. Nf5 Bc8 30. Bc3 c4 $2 (30... Bxf5 {might work better.} 31. Bxf5+ Kxf5) 31. Nxg3 {Hoping for Bxc8.} Bxh3 32. f4 {[%cal Bf3f4,Bf4f5][%mdl 32]} g4 33. f5+ ({Weaker is} 33. Rb1 Qa3 $16) 33... Kf7 34. Qd2 {aiming for Qh6.} Nd7 (34... Qxa4 $142 35. Qh6 Ke7) 35. Qh6 Ke7 36. Nf4 Kd6 37. Ngh5 Qxa4 38. Nxf6 Nxf6 39. Qxf6+ Kd7 40. Qxb6 (40. Nxd5 $142 Qc6 41. Nxb6+ Kc7 42. Qf7+ Kb8 43. Rb1) 40... Rb8 41. Qa7+ {White mates.} Kc8 42. Qc5+ Kb7 43. Nxd5 {Precision: White = 59%, Black = 34%.} 1-0

[Event "40th Nezhmetdinov Memorial 2018"]
[Site "Kazan"]
[Date "2018.09.18"]
[Round "7"]
[White "Chigaev, Maksim"]
[Black "Usmanov, Vasily"]
[Result "1-0"]
[WhiteElo "2593"]
[BlackElo "2470"]
[Annotator "TA"]
[PlyCount "181"]
[EventDate "2018.09.11"]
[EventType "swiss"]
[EventCountry "RUS"]
[SourceTitle "playchess.com"]
[Source "ChessBase"]
[SourceQuality "1"]

{[%evp 14,181,12,11,52,45,41,47,31,9,43,25,46,0,10,0,26,-7,43,44,43,39,108,138,190,181,170,108,139,139,148,124,133,131,121,-67,-73,-80,223,215,295,266,291,278,297,283,277,270,420,287,288,288,285,272,475,474,459,466,473,465,468,354,664,654,664,658,656,614,641,642,577,553,502,477,562,355,350,350,350,350,350,341,355,353,351,351,325,228,216,183,207,128,143,143,144,144,151,151,143,143,143,143,404,111,111,0,358,387,355,342,418,393,691,560,560,556,556,415,548,548,567,519,6089,6089,5812,5812,5429,5191,5171,5073,29959,29963,29965,5087,2496,1768,29979,29980,29980,29981,29982,29981,29979,29980,29986,29987,29988,29984,29984,29984,29987,29984,29985,29986,29986,29987,29987,29987,29990,29991,29991,29991,29992,29993,29995,29996,29996,29997,29997,5118]} 1. e4 e6 2. d4 d5 3. Nc3 Nf6 4. Bg5 dxe4 5. Nxe4 Be7 6. Bxf6 Bxf6 7. Nf3 O-O 8. Qd2 {LiveBook: 324 Games} Bd7 {C13: French: Classical System: 4 Bg5 Be7, Alekhine-Chatard Attack} (8... Be7 9. Bd3 Nd7 10. O-O c5 11. Nxc5 Bxc5 12. dxc5 Nxc5 13. Rad1 Nxd3 14. Qxd3 Qxd3 15. Rxd3 f6 16. Nd2 e5 {1-0 (54) Inarkiev,E (2675)-Lysyj,I (2700) Moscow 2015}) 9. O-O-O Bc6 10. Bd3 Nd7 {White is slightly better.} 11. h4 Be7 $146 (11... Bxe4 $5 12. Bxe4 c6 $14) ({Predecessor:} 11... Nb6 12. g4 Bd5 13. g5 Be7 14. Ne5 f5 15. gxf6 Bxf6 16. Rhg1 Kh8 17. Kb1 Bxe5 18. dxe5 Qe7 19. Ng5 g6 20. h5 Kg7 21. hxg6 h6 22. Nf7 Rad8 23. Qxh6+ {1-0 (23) Dignam,M (2167)-NN,H (1617) Dos Hermanas 2004}) 12. Neg5 h6 13. Rh3 Bd6 14. Qe3 Bxf3 (14... hxg5 15. hxg5 Re8 16. Kb1 $15) (14... Qe7 {seems wilder.} 15. Kb1 Rad8 16. Bh7+ Kh8 17. Be4 Bb5) 15. Nxf3 (15. Rxf3 {feels hotter.} Nf6 16. Kb1 c6 17. Ne4 Nd5 18. Qe1) 15... Qf6 16. Kb1 Qf4 17. Qe2 Qg4 (17... e5 $14) 18. h5 $16 {aiming for Rh4.} Qf4 (18... Qxg2 $2 19. Rhh1 $18) (18... Be7 $16 {keeps fighting.}) 19. Rh4 $40 {[%mdl 128] White wants a kill.} Qf6 20. Qe4 (20. Rg1 $18) 20... Rfe8 21. Qh7+ (21. Qxb7 Nc5 $14) 21... Kf8 22. Rg4 Ke7 23. Re1 (23. Rxg7 $2 Rh8 $19) (23. Qxg7 $6 Qxg7 24. Rxg7 Rg8 $14) 23... c6 24. Rxe6+ $2 (24. Rxg7 $6 Nf8 $11) ({White should play} 24. Qe4 $16) 24... Qxe6 $15 25. Re4 {[#]} Qxe4 $4 {[%mdl 8192]} (25... Be5 $1 $17 {keeps the pressure on. Threatens to win with ...Nf6.} 26. Re1 (26. dxe5 $2 Rh8 $19) (26. Nxe5 Nf6 $17) 26... Qg4) 26. Qxe4+ $18 ({Don't do} 26. Bxe4 $6 Nf6 $16) 26... Kf8 27. Qh7 Nf6 28. Qh8+ Ke7 29. Qxg7 Nxh5 30. Qxh6 Nf4 (30... Rh8 $142 31. Qe3+ Kf8) 31. Ne5 {Threatening mate with Qg5+.} Rh8 32. Qg5+ Kf8 {( -> ...Rh1+)} 33. a3 ({Not} 33. Qxf4 Rh1+ 34. Qc1 Rxc1+ 35. Kxc1 Rd8 $15) 33... Rh1+ $2 (33... Bxe5 34. Qxe5 Rh1+ 35. Ka2 Nxd3 36. cxd3 Rh6) 34. Ka2 Bxe5 35. dxe5 ({Less strong is} 35. Qxe5 Nxd3 36. cxd3 Rh6 $18) 35... Nxd3 36. cxd3 {[%mdl 4096] Endgame KQ-KRR} Re8 37. f4 Re6 $2 (37... c5 38. e6 Rxe6 39. Qxc5+ Re7 40. Qxa7 Rh6) 38. g4 c5 {[#]} 39. d4 $1 {[%mdl 512]} cxd4 40. Qd8+ Kg7 41. Qxd4 Re1 42. Qf2 Re4 43. g5 Rc6 44. Qh2 {Hoping for f5.} Kg6 45. Qh6+ Kf5 46. Qh7+ Kxf4 47. Qxf7+ Kxe5 48. Qxb7 Rg6 49. Qxa7 Rxg5 50. Qc5+ Kf4 51. Qf2+ Ke5 52. b4 Rf5 53. Qc5+ Ke6 54. Qc6+ Ke5 55. Qc3+ Ke6 56. Kb3 {Strongly threatening a4.} Rfe5 {White must now prevent ...Re3.} 57. Qc6+ Ke7 $2 {[%mdl 8192]} (57... Kf5 $16 {was called for.} 58. Qc8+ Kf4 59. Qf8+ Kg3) 58. Ka4 $2 (58. a4 $18 {has better winning chances.}) 58... Kd8 $16 59. Kb3 $2 (59. Qa6 $16) 59... Ke7 $1 $18 60. a4 Re3+ 61. Kc4 R3e4+ {[#]} 62. Kc3 $1 Rf4 $2 (62... Rh4 63. Qc7+ Ke6 64. Qb6+ Kf5) 63. Qb7+ Kf6 {If only Black now had time for ...Re3+....} 64. Qb6+ Re6 65. Qd8+ Kf5 66. Qd3+ Ree4 67. a5 Ke5 (67... Kg4 $142 68. Qd7+ Kg3) 68. a6 Rxb4 69. a7 Ra4 70. Qb5+ Kd6 71. Qb8+ Kc5 72. Qe5+ Kb6 {[#]} 73. Qxf4 $1 {[%mdl 512]} Rxf4 74. a8=Q {White wants to mate with Qb8+. KQ-KR} Rf7 75. Qd5 {White mates.} Rc7+ 76. Kb4 Rc6 77. Qe5 Kb7 78. Qe8 Rc7 79. Kb5 Ka7 80. Qd8 Kb7 81. Qf8 Ka7 82. Qe8 Rb7+ 83. Kc6 Rb6+ 84. Kc5 Rb7 85. Qe5 Rb6 86. Qc7+ Rb7 87. Qa5+ Kb8 88. Kc6 Rf7 89. Qe5+ Ka7 90. Qe3+ Kb8 91. Qe8+ {Precision: White = 63%, Black = 45%.} 1-0

[Event "40th Nezhmetdinov Memorial 2018"]
[Site "Kazan"]
[Date "2018.09.19"]
[Round "7"]
[White "Bocharov, Ivan"]
[Black "Gaifullin, Artur"]
[Result "1/2-1/2"]
[WhiteElo "2565"]
[BlackElo "2454"]
[Annotator "TA"]
[PlyCount "102"]
[EventDate "2018.09.11"]
[EventType "swiss"]
[EventCountry "RUS"]
[SourceTitle "playchess.com"]
[Source "ChessBase"]
[SourceQuality "1"]

{[%evp 9,102,9,0,-3,25,0,0,0,0,6,7,0,16,8,14,12,11,4,22,0,0,-10,0,10,16,6,8,-18,-20,-18,-20,-22,-9,-13,-10,-16,-9,-21,-19,-41,-20,-14,-17,-9,-9,-17,-18,-39,-16,-41,-14,-10,-11,-44,-46,-25,-16,-57,-9,-1,0,-66,-77,-86,-85,-302,-299,-529,-546,-483,-415,-470,-412,-458,-443,-859,0,0,0,0,0,0,0,0,0,0,0,0,0,0,0,0,0,0,0]} 1. e4 c6 2. d4 d5 3. e5 Bf5 4. h4 h5 5. Bd3 Bxd3 6. Qxd3 {B12: Caro-Kann: Advance Variation} Qa5+ 7. Bd2 Qa6 $1 8. e6 Qxd3 9. exf7+ Kxf7 10. cxd3 e6 11. Nf3 Bd6 12. Nc3 Nd7 $146 ({Predecessor:} 12... Ne7) 13. Ne2 Nh6 14. Nf4 Nf5 15. O-O-O Bxf4 16. Bxf4 Nxd4 17. Nxd4 {[#] Black must now prevent Rhe1.} e5 18. Be3 {Hoping for Nf3.} exd4 19. Bxd4 c5 20. Be3 d4 21. Bg5 Rhe8 22. Kd2 Ke6 23. f3 Kd5 24. Rde1 Rxe1 25. Rxe1 $15 {[%mdl 4096] Endgame And now Re7 would win. KRB-KRN} Ne5 26. Bf4 Nc6 27. a4 Rf8 28. Bh2 b6 29. Bc7 g6 30. Re4 Rc8 31. Bh2 c4 32. dxc4+ Kxc4 33. Re6 Nb4 {aiming for ...Kb3.} 34. Rxg6 Kb3 {...Rc2+ is the strong threat.} 35. Bg1 (35. Be5 $11) 35... Rc2+ 36. Kd1 {[#]} d3 $1 37. g4 $2 (37. Bd4 $17) 37... hxg4 $19 38. Rxg4 $2 (38. Bd4 {keeps fighting.} gxf3 39. Rf6) 38... Rxb2 39. Bd4 Rh2 40. Be5 Rf2 41. Rd4 Rxf3 42. Bd6 (42. Rd6 $142 Rh3 43. Bf6) 42... Kc3 $2 (42... Nc2 $19 43. Rf4 Ne3+ 44. Kc1 Rh3) 43. Rf4 $11 {The position is equal.} Rxf4 44. Bxf4 {KB-KN} Kd4 45. h5 Nd5 46. Bd2 Nf6 47. h6 Nh7 48. Kc1 Ke4 49. Bc3 Ke3 50. Kd1 a6 51. Bb2 b5 {Precision: White = 45%, Black = 50%.} 1/2-1/2

[Event "40th Nezhmetdinov Memorial 2018"]
[Site "Kazan"]
[Date "2018.09.19"]
[Round "7"]
[White "Bocharov, Dmitry"]
[Black "Mokshanov, Alexey"]
[Result "1/2-1/2"]
[WhiteElo "2562"]
[BlackElo "2439"]
[Annotator "TA"]
[PlyCount "63"]
[EventDate "2018.09.11"]
[EventType "swiss"]
[EventCountry "RUS"]
[SourceTitle "playchess.com"]
[Source "ChessBase"]
[SourceQuality "1"]

{[%evp 24,63,16,0,6,-6,-5,-1,0,-12,0,-6,0,0,-18,-27,0,-23,-15,-24,-25,-61,-62,-90,-59,-56,-53,-102,-107,-106,-105,-117,-88,-193,0,0,0,-200,0,-62,0,-202]} 1. Nf3 Nf6 2. g3 d5 3. Bg2 e6 4. O-O Be7 5. b3 O-O 6. Bb2 c5 7. e3 Nc6 8. d3 b6 9. c4 Bb7 10. Nc3 dxc4 11. bxc4 Qc7 12. Qe2 Rfd8 13. Ne1 {LiveBook: 4 Games. A14: English Opening: 1...e6 with b3 by White} Nb4 (13... a6 14. f4 Rab8 15. g4 Ba8 16. g5 Ne8 17. Ne4 b5 18. Rc1 bxc4 19. dxc4 Nd6 20. Nxd6 Bxd6 {0-1 (50) Agrest,E (2614)-Van Wely,L (2688) Eilat 2012}) 14. Bxb7 Qxb7 15. f4 Ne8 16. f5 $146 ({Predecessor:} 16. g4 h6 17. Rd1 a6 18. a4 Bf6 19. Nf3 {½-½ (33) Shcherbakov,R (2495)-Rozentalis,E (2585) Bern 1992}) 16... Bf6 17. Rd1 Qe7 18. fxe6 fxe6 19. Nf3 Nc6 20. Rf2 Nd6 21. Rdf1 Rf8 22. g4 Rad8 23. Kh1 Bxc3 24. Bxc3 e5 25. Nd2 {[#]} Rxf2 $1 26. Qxf2 Nf7 27. Qf3 Qe8 ({But not} 27... Rxd3 28. Qxc6 Rxc3 29. Qa8+ Qd8 30. Qxa7 $15) 28. Qe4 (28. Ne4 $17) 28... Nd6 $2 (28... Ng5 $19 29. Qf5 Qg6 30. Bxe5 Nf7) 29. Qd5+ $1 $11 Nf7 $2 {[#]} (29... Kh8 $11 30. Qf3 Kg8) 30. Qe4 $19 Nd6 $2 (30... Ng5 $19 31. Qf5 Qg6 32. Bxe5 Qxf5 33. Rxf5 Ne6) 31. Qf3 ({Better is} 31. Qd5+ $1 $11 Nf7 32. Qe4) 31... Nf7 (31... Nb7 $15) 32. Qe4 $1 {Precision: White = 38%, Black = 36%.} 1/2-1/2

[Event "40th Nezhmetdinov Memorial 2018"]
[Site "Kazan"]
[Date "2018.09.19"]
[Round "7"]
[White "Volkov, Sergey"]
[Black "Kokarev, Dmitry"]
[Result "1/2-1/2"]
[WhiteElo "2547"]
[BlackElo "2595"]
[Annotator "TA"]
[PlyCount "109"]
[EventDate "2018.09.11"]
[EventType "swiss"]
[EventCountry "RUS"]
[SourceTitle "playchess.com"]
[Source "ChessBase"]
[SourceQuality "1"]

{[%evp 29,109,14,23,20,9,0,0,0,0,0,0,0,0,0,30,17,42,31,89,-4,-4,-2,-2,0,45,48,42,46,43,46,41,41,38,34,34,34,43,0,12,12,21,20,34,34,34,34,34,34,34,34,34,34,34,34,43,43,43,43,43,36,42,42,42,42,42,42,42,28,102,102,108,108,108,108,108,45,45,40,34,9,14,16]} 1. d4 Nf6 2. c4 g6 3. Nc3 d5 4. Nf3 Bg7 5. Qb3 dxc4 6. Qxc4 O-O 7. e4 a6 8. Be2 b5 9. Qb3 c5 10. dxc5 Be6 11. Qc2 {D97: Grünfeld: Russian System: 7 e4, replies other than 7...Bg4} Nbd7 12. Be3 Rc8 13. Rd1 b4 14. Nd5 Bxd5 15. exd5 Nxc5 {LiveBook: 72 Games} 16. O-O Qd6 17. Qc4 Na4 18. Qb3 Nc5 19. Qxb4 Nxd5 {[#]} 20. Qh4 $146 e6 21. Bc4 Qc6 22. Bd4 Rfd8 23. Rfe1 Nb6 ({Better is} 23... a5 $14) 24. Bxc5 (24. Ng5 $16 h5 25. Bxg7 Rxd1 26. Rxd1 Kxg7 27. Qd4+ e5 28. Qxe5+ Qf6 29. Qxf6+ Kxf6 30. Rd6+ Ne6 31. Rxb6 (31. Bxa6 Rc1+ 32. Bf1 Nc8 $15) 31... Rxc4 32. h4) 24... Rxd1 $11 25. Rxd1 Qxc5 26. Rd8+ Bf8 27. Ng5 {[%csl Gg5][%cal Rh4h7] [#]} h5 28. Qf4 Qe7 29. Rxc8 Nxc8 30. Bxa6 Nd6 {Hoping for ...Bh6.} 31. Ne4 Nxe4 32. Qxe4 Qc5 33. Qc4 Qa5 34. g3 Qe1+ 35. Qf1 Qb4 36. Qe2 Bg7 37. b3 h4 38. Bc4 hxg3 39. hxg3 Qa3 40. Bd3 Kf8 41. Qc2 {And now Qc8+ would win.} Bb2 42. Qc8+ Kg7 43. Qa6 Kf6 44. Kf1 (44. Kg2 {keeps more tension.} Qxa6 45. Bxa6 Ke5 46. Bb5 g5 47. f3) 44... Qxa6 45. Bxa6 $14 {[%mdl 4096] Endgame KB-KB} Ke5 46. Bb5 g5 47. Be8 f6 48. Bf7 Kd4 (48... g4 $11) 49. Bxe6 $16 Kc5 50. Ke2 Kb4 51. Kd3 Be5 {[#]} 52. Ke4 (52. a4 $1 $16) 52... Ka3 $1 $14 53. Kd5 Bc3 54. Bf7 Be1 55. Ke6 {Precision: White = 70%, Black = 67%.} 1/2-1/2